| 000 | 00498nam a22001817a 4500 | ||
|---|---|---|---|
| 003 | NUST - PNEC | ||
| 005 | 20170116180931.0 | ||
| 008 | 150905b xxu||||| |||| 00| 0 eng d | ||
| 020 | _a0070044201 | ||
| 020 | _a07Y85050X | ||
| 040 | _cLIBRARY | ||
| 082 | _a621.3 BEL | ||
| 100 |
_98293 _a Belove, Charles |
||
| 245 |
_aDigital and analog systems, circuits, and devices : an introduction _cCharles Belove |
||
| 260 | _cc.1973 | ||
| 650 |
_98294 _aElectrical engineering _xEE |
||
| 942 |
_2ddc _cBK |
||
| 999 |
_c65928 _d65928 |
||